Тест на общие знания №18 - Statistics

General Stats
  • This quiz has been taken 38 times
  • The average score is 8 of 20
Answer Stats
Вопрос Ответ % Correct
Каким оружием владел Микеланджело из команды Черепашек-ниндзя? нунчаки
73%
Как назывался Стамбул до 1930-го года? Константинополь
69%
Какая страна имеет длину более 4000 км, а в ширину она всего около 170 км? Чили
69%
В честь какого учёного названа антипремия, посмертно присуждаемая людям, умершим наиболее глупым способом? Чарльз Дарвин
65%
Сколько очков можно получить при попадании в центр мишени во время игры в дартс? 50
65%
Чем занимается человек, если он находится в позе "коровьей морды"? йога
46%
Объём какой геометрической фигуры рассчитывается по формуле V=(1/3)×π×r²×h? конус
46%
Какой модный бренд назван в честь греческого бога торговли? Hermes
46%
Как называется страх огромных объектов, таких как горы, небоскрёбы или корабли? мегалофобия
42%
В каком романе были "Ершалаимские главы"? "Мастер и Маргарита"
42%
Проявлением какого психического заболевания является "взгляд на тысячу ярдов"? ПТСР
38%
Какая английская мера объёма равна 4,55 л? галлон
38%
Назовите валюту Монголии тугрик
38%
Первая серия какого выходящего по сей день мультсериала вышла спустя месяц после падения Берлинской стены? "Симпсоны"
35%
Что означает буква "Т" в аббревиатуре ТАСС? телеграфное
27%
Что находится перед лицом человека, изображённого на картине "Сын человеческий" Рене Магритта? яблоко
27%
Детёнышей какого животного называют щенятами и бельками? тюлень
23%
Какой регион объявил о независимости в 2017-м году, но пробыл таковым всего 8 секунд? Каталония
23%
Какое имя главный герой фильма "Изгой" дал своему воображаемому другу - волейбольному мячу? Уилсон
15%
Какая рыба может отложить за раз до 300 млн. икринок? Рыба-луна
15%
No matching quizzes found
Score Distribution
Percent of People with Each Score
Percentile by Number Answered
Your Score History
You have not taken this quiz